000 00523nas a22001697a 4500
008 130521t20109999ag ||||| |||| 00| 0 spa d
245 _aElea en Anticoncepcion
260 _aBuenos Aires,
_bSociedad Iberoamericana de Informacion Cientifica:
_c2010
300 _av. :
546 _aespaƱol
590 _aIndizada en: SIIC Data Bases
590 _aExistencias: 2010 1(1,2)
650 _aANTICONCEPCION
_91981
650 _aGINECOLOGIA
_91896
856 _uhttp://www.siicsalud.com/lmr/siicdatabases.php
942 _2ddc
_cCR
999 _c1448
_d1448